|
|
|
|
| LEADER |
00000nam a22000007a 4500 |
| 005 |
20190829014438.0 |
| 007 |
cr|||| |||| |
| 008 |
190829s2019 es |||||s|||| 00||0 spa d |
| 020 |
|
|
|a 978-84-1324-164-7
|
| 035 |
|
|
|a 24153
|
| 040 |
|
|
|a vLex
|
| 090 |
|
|
|c 9322
|d 9322
|
| 100 |
1 |
|
|a Almagro Martn̕, Carmen
|
| 245 |
1 |
0 |
|a Rǧimen fiscal de los trabajadores impatriados y expatriados en el IRPF
|h [Recurso electrn̤ico] /
|c Carmen Almagro Martn̕
|
| 256 |
|
|
|a Servicio en ln̕ea
|
| 260 |
|
|
|a Madrid:
|b Dykinson,
|c 2019
|
| 300 |
|
|
|a 1 recurso electrn̤ico
|
| 500 |
|
|
|a La globalizacin̤ del mundo en que vivimos y la creciente internacionalizacin̤ de las empresas ha provocado importantes movimientos de los trabajadores que trascienden de nuestras fronteras. En este contexto el Derecho Financiero y Tributario juega un importante papel ya que las ventajas fiscales que ofrezcan los distintos pas̕es pueden determinar el pas̕ de destino. En esta obra la autora se ocupa del rǧimen tributario de los trabajadores que entran o salen de nuestro pas̕ para desarrollar su trabajo. La normativa fiscal espaǫla ha previsto un tratamiento especial para los ±impatriados», as ̕como una serie de ventajas para los ±expatriados» que, junto con el rǧimen opcional previsto para los residentes en otros Estados de la Unin̤ Europea que deban tributar en territorio espaǫl, son objeto de un pormenorizado anl̀isis. Con carc̀ter previo, y a la luz de las l︢timas sentencias del Tribunal Supremo sobre las ausencias espord̀icas, se ha realizado un completo estudio del concepto de ±residencia fiscal» que, en l︢tima instancia, ser ̀el punto de conexin̤ que determinar ̀qu ̌trabajadores podrǹ beneficiarse de tales beneficios y cul̀es no. Estudio que se acomete desde la perspectiva del derecho interno y en el marco de los convenios de doble imposicin̤ internacional. El trabajo se aborda desde el anl̀isis crt̕ico de la normativa vigente que permite poner de manifiesto las ventajas e inconvenientes que presentan las medidas fiscales articuladas en torno a los movimientos internacionales de los trabajadores, apoyǹdonos en la jurisprudencia, la doctrina cientf̕ica y administrativa ms̀ relevante sobre la materia.
|
| 506 |
1 |
|
|a Disponible solo en los productos indicados
|d vLex Global
|d vLex Global (Academic Edition, excluding Law Schools)
|d vLex Global (U.S. Academic Edition, Law Schools)
|d vLex Global (U.S. Academic Edition, excluding Law Schools)
|d vLex Global (Academic Edition, Law Schools)
|
| 650 |
0 |
4 |
|a Derecho Mercantil y de la Empresa
|z Espaą
|
| 650 |
0 |
4 |
|a Derecho Tributario
|z Espaą
|
| 650 |
0 |
4 |
|a Financiero
|z Espaą
|
| 740 |
0 |
|
|a vLex Libros (Servicio en ln̕ea)
|
| 856 |
4 |
0 |
|u http://vlex.com/source/regimen-fiscal-de-los-trabajadores-impatriados-y-expatriados-en-el-irpf-24153
|z Acceso restringido
|
| 942 |
|
|
|c BOOK
|
| 999 |
0 |
|
|a Commercial and Business Law
|
| 999 |
0 |
|
|a Tax Law
|
| 999 |
0 |
|
|a Financial
|